000 00645nam a2200217 u 4500
005 20240924071317.0
008 190603s2008 es r 000 0 spa d
020 _a9788484523109
035 _aUPN01000230919
049 _aI
050 4 _aPZ75
_bS2.62
100 1 _aSandiumenge, Lali
_942948
245 1 0 _aP de pirámides /
_cLali Sandiumenge ; tr. Alberto Jiménez Rioja.
260 _aBarcelona, Esp. :
_bIntermón Oxfam,
_c2008.
300 _a[29] p. :
_bil. col.
440 0 _aIntermón Oxfam ;
_v8
650 4 _aLiteratura infantil
_94445
650 4 _aLibros y lectura para niños
_92290
905 _aInfantil
999 _c203014
_d203014